Las partes en el juicio de amparo

Bibliographic Details
Main Author: Castro Lozano, Juan de Dios
Corporate Author: Instituto Mexicano de Contadores Pb︢licos
Format: eBook
Language:Spanish
Published: [Mx̌ico] : Fondo de Cultura Econm̤ica, 2011.
Subjects:
Online Access:Acceso restringido

MARC

LEADER 00000nam a22000007a 4500
005 20110906130752.0
008 110906t2011 mx ||||s|||| 00| 0 spa d
020 |a 978-607-16-0464-4 
035 |a 5649 
040 |a vLex 
090 |c 2392  |d 2392 
100 1 |a Castro Lozano, Juan de Dios 
245 1 4 |a Las partes en el juicio de amparo  |h [Recurso electrn̤ico] /  |c Juan de Dios Castro Lozano  
256 |a Servicio en ln̕ea. 
260 |a [Mx̌ico] :  |b Fondo de Cultura Econm̤ica,   |c 2011. 
300 |a 1 recurso electrn̤ico 
500 |a Una de las figuras fundamentales del sistema jurd̕ico mexicano es el amparo: representa la posibilidad que tiene el ciudadano de defenderse de una ley o un acto de autoridad que lo perjudique. Es tambiň una de las ms̀ controvertidas y complejas, lo que se refleja en las modificaciones importantes que la Ley de Amparo ha sufrido en los l︢timos aǫs y las discusiones al respecto.  
506 1 |a Contenido solo disponible en los productos indicados  |d vLex Global  |d vLex Global (Academic Edition, excluding Law Schools)  |d vLex Global (U.S. Academic Edition, Law Schools)  |d vLex Global (U.S. Academic Edition, excluding Law Schools)  |d vLex Global (Academic Edition, Law Schools) 
650 0 4 |a Juicio de amparo  |z Mx̌ico 
710 2 |a Instituto Mexicano de Contadores Pb︢licos 
740 0 |a vLex Libros (Servicio en ln̕ea) 
856 4 0 |u http://vlex.com/source/partes-juicio-amparo-5649  |z Acceso restringido 
942 |c BOOK